000 00732nam a2200205 i 4500
001 73634
003 ES-MaACL
005 20250822055321.0
007 t|
008 040909s1975 sp |||| |dspa d
100 1 _aGómez Martínez, José Luis.
_958037
245 1 0 _aAmérico Castro y el origen de los españoles
_b: historia de una polémica /
_cJosé Luis Gómez Martínez.
260 _aMadrid :
_bGredos,
_c[1975]
300 _a241 p. ;
_c21 cm.
490 1 _aBiblioteca románica hispánica. II. Estudios y ensayos ;
_v230
600 1 4 _aCastro, Américo,
_d1885-1972
_9226525
830 0 _aBiblioteca románica hispánica. II. Estudios y ensayos ;
_v230
_9178108
852 _aES-MaACL
_jL-4511
999 _c73634
_d73634